02878cam a2200289 i 45000010009000000050017000090080041000260100017000670200031000840400028001150420008001430500025001510820024001761000027002002450107002272500020003342640044003543000048003983360026004463370028004723380027005005040051005275201777005786500050023556500051024057760132024562100065020230112092957.0190604s2020 enka b 001 0 eng  a 2019023370 a9781138628984q(paperback) aDLCbengcDLCerdadDLC apcc00aNA2542.35b.H37 202000a720.47 H37 20202231 aHawkes, Dean,eauthor.14aThe environmental imagination :btechnics and poetics of the architectural environment /cDean Hawkes. aSecond edition. 1aLondon ;aNew York :bRoutledge,c2020. axxxiii, 282 pages :billustrations ;c25 cm atextbtxt2rdacontent aunmediatedbn2rdamedia avolumebnc2rdacarrier aIncludes bibliographical references and index. a"The Environmental Imagination explores the relationship between tectonics and poetics in environmental design in architecture. Working thematically and chronologically from the eighteenth century to the present day, this book redefines the historiography of environmental design by looking beyond conventional histories to argue that the environments within buildings are a collaboration between poetic intentions and technical means. In a sequence of essays, the book traces a line through works by leading architects of the nineteenth and twentieth centuries that illustrate the impact of new technologies on the conception and realisation of environments in buildings. In this, a consideration of the qualitative dimension of environment is added to the primarily technological narratives of other accounts. In this second edition, the book has been substantially rewritten and restructured to include further research conducted in the decade since the first edition. A number of important buildings have been revisited, in order to extend the descriptions of their environments, and studies have been made of a number of newly studied, significant buildings. A completely new essay offers an environmental interpretation of Luis Barrágan's magical own house in Mexico City and the earlier studies of buildings by Peter Zumthor have been gathered into a single, extended essay that includes a body of new research. On the fiftieth anniversary of the publication of Reyner Banham's, The Architecture of the Well-tempered Environment, the book concludes with a critical tribute to that seminal text. The Environmental Imagination will appeal to academics and practitioners with interests in the history, theory and technology of architecture"--cProvided by publisher. 0aArchitecturexEnvironmental aspectsxHistory. 0aBuildingsxEnvironmental engineeringxHistory.08iOnline version:aHawkes, Dean,tThe environmental imaginationb2.dNew York : Routledge, 2019.z9781315210575w(DLC) 2019023371